• 首页
  • 本馆介绍
  • 公告通知
  • 最新文献
  • 馆藏检索
  • 电子资源
  • 读者导购
  • 参考咨询
  • 我的图书馆
  • 登录
  • 详细信息显示
  • 放入我的书架
  • 预约/预借图书
  • 作者相关作品
  • 分类相关作品
  • 丛书相关作品
  • 出版社相关作品

书目信息

  • 表格格式
  • 工作单格式
  • 卡片格式
题名:
园艺设施学
    
 
作者: 邹志荣
分册:  
出版信息: 北京   中国农业出版社  2002
页数: 323
开本: 23cm
丛书名:
单 册:
中图分类: S62
科图分类:
主题词: 园艺--温室栽培 , 园艺--设施 , 保护地栽培
电子资源:
ISBN: 7-109-07533-8
000 00544nam0 2200205 450
001 0741144344
005 20070817112544.34
010    @a7-109-07533-8@d¥27.70
100    @a20070817d km y0chiy0120 ea
101 0  @achi
200 1  @a园艺设施学@Ayuan yi she shi xue@f邹志荣@Fzou zhi rong
210    @a北京@c中国农业出版社@d2002
215    @a323@d23cm
606 0  @a园艺@x温室栽培
606 0  @a园艺@x设施
606 0  @a保护地栽培
690    @aS62@v3
701  0 @a邹志荣@Azou zhi rong
801  0 @aCN@bPFT@c20070817
905    @a213230@dS62@en2@f1
    
    园艺设施学/邹志荣.-北京:中国农业出版社,2002
    323;23cm
    
    
    ISBN 7-109-07533-8:¥27.70
    
●
相关链接 在E读中查询图书 在五车中查询图书 在当当中查询图书 在豆瓣中查询图书


正题名:园艺设施学     索取号:S62/n2         预约/预借

序号 登录号 条形码 馆藏地/架位号 状态 备注
1 6600653   266006537   密集书库-生命科学系/ [索取号:S62/n2] 在馆    
2 6600654   266006546   密集书库-生命科学系/ [索取号:S62/n2] 在馆    
唐山师范学院图书馆 欢迎您!
大连网信软件有限公司© 版权所有